Detalles MARC
| 000 -LEADER |
| campo de control de longitud fija |
03258am aa22002895004500 |
| 003 - IDENTIFICADOR DE NÚMERO DE CONTROL |
| campo de control |
PE-LiUPU |
| 005 - FECHA Y HORA DE LA ÚLTIMA TRANSACCIÓN |
| campo de control |
20250901155708.0 |
| 008 - DATOS DE LONGITUD FIJA--INFORMACIÓN GENERAL |
| campo de control de longitud fija |
880701s1988 miu b 000 0 eng d |
| 020 ## - NÚMERO INTERNACIONAL ESTÁNDAR DEL LIBRO |
| Número Internacional Estándar del Libro |
0943872448 |
| 040 ## - FUENTE DE CATALOGACIÓN |
| Centro catalogador/agencia de origen |
PE-LiUPU |
| Lengua de catalogación |
eng |
| Centro/agencia transcriptor |
PE-LiUPU |
| Normas de descripción |
rda |
| 082 04 - NÚMERO DE LA CLASIFICACIÓN DECIMAL DEWEY |
| Número de clasificación |
228.06 |
| Número de edición |
23 |
| Cutter |
P327d |
| 100 1# - ENTRADA PRINCIPAL--NOMBRE DE PERSONA |
| Nombre de persona |
Paulien, Jon, |
| Término indicativo de función/relación |
autor. |
| 9 (RLIN) |
4285 |
| 245 10 - MENCIÓN DEL TÍTULO |
| Título |
Decoding Revelation’s Trumpets : |
| Resto del título |
literary allusions and interpretation of Revelation 8:7–12 / |
| Mención de responsabilidad, etc. |
por Jon Paulien. |
| 264 #1 - PRODUCCIÓN, PUBLICACIÓN, DISTRIBUCIÓN, FABRICACIÓN Y COPYRIGHT |
| Producción, publicación, distribución, fabricación y copyright |
Berrien Springs, Michigan : |
| Nombre del de productor, editor, distribuidor, fabricante |
Andrews University Press, |
| Fecha de producción, publicación, distribución, fabricación o copyright |
1988. |
| 300 ## - DESCRIPCIÓN FÍSICA |
| Extensión |
497 páginas ; |
| Dimensiones |
23 cm. |
| 336 ## - TIPO DE CONTENIDO |
| Término de tipo de contenido |
texto |
| Fuente |
rdacontent |
| 337 ## - TIPO DE MEDIO |
| Nombre/término del tipo de medio |
sin medio |
| Fuente |
rdamedia |
| 338 ## - TIPO DE SOPORTE |
| Nombre/término del tipo de soporte |
volumen |
| Fuente |
rdacarrier |
| 490 1# - MENCIÓN DE SERIE |
| Mención de serie |
Andrews University Seminary Doctoral Dissertation Series ; |
| Designación de volumen o secuencia |
Volume XI |
| 504 ## - NOTA DE BIBLIOGRAFÍA, ETC. |
| Nota de bibliografía, etc. |
Incluye bibliografía. |
| 505 ## - NOTA DE CONTENIDO CON FORMATO |
| Nota de contenido con formato |
Introduction -- Chapter I. Survey of literature concerning major issues in the exegesis of Revelation’s trumpets -- The problem of sources -- The revelation of originality -- The Apocalypse and the Old Testament -- Septuagint and Jewish apocalyptic -- The Old Testament and the Christ-event -- John’s canonical intentions -- How John used the Old Testament -- First-century exegetical practices -- Midrash -- Typology -- Contextual interpretation -- Summary -- Chapter II. Method and the study of the Old Testament background to the book of Revelation -- The proposed method -- Structure of the proposed method -- The Old Testament source -- A method for determining allusions -- Echoes in the Apocalypse -- Internal and external evidence -- The proposed method in previous research -- Summary of criteria -- Classification of direct allusions -- The problem of allusions -- Attempting allusions: a method -- Summary and conclusion -- Appendix to Chapter I. The text tradition behind the Old Testament -- The Masoretic text -- The Samaritan Pentateuch -- The Greek versions -- The Targums -- The language of John’s Old Testament -- Specialized studies in the text tradition -- Background of the apocalypses -- Chapter III. Interpreting the trumpets -- Exegesis of the seven trumpets in context (Rev 8:2–6) -- Rev 8:7 -- Rev 8:8–9 -- Rev 8:10–11 -- Rev 8:12 -- The larger picture -- The trumpets in detail -- Structural setting of the seven trumpets -- Relation to the seven seals -- The trumpets in themselves -- General Old Testament background to the trumpets -- General New Testament background -- Importance of echoes -- Evaluation of representative echoes -- Chapter IV. Analysis of allusions to the Old Testament in Revelation 8:7–12 -- The first to fourth trumpets -- Summary of allusions -- Most likely interpretations -- Judgment and mercy -- Symbolism of the trumpets -- Final interpretation -- Chapter V. Parallels in Revelation -- Nature of the seven trumpets -- Old and New Testament background -- Parallels in contemporary literature and time -- Summary and interpretation -- Conclusion -- Bibliography. |
| 630 14 - PUNTO DE ACCESO ADICIONAL DE MATERIA--TÍTULO UNIFORME |
| Título uniforme |
Biblia. |
| Nombre de parte o sección de la obra |
Apocalipsis |
| Subdivisión general |
Crítica, interpretación, etc. |
| 9 (RLIN) |
1752 |
| 630 24 - PUNTO DE ACCESO ADICIONAL DE MATERIA--TÍTULO UNIFORME |
| Título uniforme |
Biblia. |
| Nombre de parte o sección de la obra |
Apocalipsis 8: 7–12 |
| Subdivisión general |
Crítica, interpretación, etc. |
| 9 (RLIN) |
1645 |
| 830 #0 - PUNTO DE ACCESO ADICIONAL DE SERIE-TÍTULO UNIFORME |
| Título uniforme |
Andrews University Seminary doctoral dissertation series ; |
| Designación de volumen o secuencia |
11. |
| 942 ## - ELEMENTOS DE ENTRADA SECUNDARIOS (KOHA) |
| Fuente del sistema de clasificación o colocación |
Clasificación Decimal Dewey |
| Tipo de ítem Koha |
Libros físicos |
| 980 ## - EQUIVALENCIA O REFERENCIA-CRUZADA-MENCIÓN DE SERIE--NOMBRE DE PERSONA/TÍTULO [LOCAL, CANADÁ] |
| ID del último usuario que modificó el registro |
18226 |
| Nombre del último usuario que modificó el registro |
Jaime Vilcazán Jefe de Análisis Documental |